000 00355 a2200157 4500
001 64017
020 _a978-85-7232-754-1
040 _cAnchieta - Pituba
100 _aRotterdam, Erasmo de
240 1 0 _aElogio da loucura
_lpor
245 1 0 _aElogio da loucura
300 _a126
362 0 _a2008
650 4 _aFilosofia ocidental moderna
942 _cBK
999 _c64017
_d64017